| 000 | 00560cam a22001814a 4500 | ||
|---|---|---|---|
| 020 | _a0072289821 (recycled, acidfree paper) | ||
| 040 | _cDLC | ||
| 082 | 0 | 0 | _a616 HIL 2000 A049 Or. |
| 100 | 1 | _aHalgin, Richard P. | |
| 245 | 1 | 0 |
_aAbnormal psychology : _bclinical perspectives on psychological disorders / |
| 250 | _a3rd ed. | ||
| 260 |
_aBoston : _bMcGraw-Hill, _cc2000. |
||
| 300 |
_axxiv, 536 p. : _bill. (some col.) ; _c29 cm. |
||
| 650 | 0 | _aPsychology, Pathological. | |
| 650 | 0 | _aSocial psychology. | |
| 700 | 1 | _aWhitbourne, Susan Krauss. | |
| 942 | _cEK | ||
| 999 |
_c13987 _d13987 |
||